000 00738nam a2200241Ia 4500
003 OSt
005 20220918200331.0
006 a|||||r|||| 00| 0
007 ta
008 220917b |||||||| |||| 00| 0 eng d
024 _a88,343
037 _cTextual
040 _aARTS
_cARTS
_beng
041 _2eng
_aeng
082 _aU2xD945,1, N4
100 _aAl-Muqaddasi
_993600
245 0 _aBest divisions four knowledge of the regions tr of Ahsan al-Taqasim fi Ma' rifat al-Aqalim tr by Basil Anthony Collins rev by Muhammad Hamid Altai
260 _aU
_bK Carnet Pub
_c1994
300 _axxviii,460p.
_ccm.
650 _aGEOGRAPHY
942 _hU2xD945,1, N4
_cTEXL
_2CC
999 _c212031
_d212031